Diderot, mon père / (Record no. 196226)

MARC details
000 -LEADER
campo de control de longitud fija 01778nam a2200529 i 4500
001 - NÚMERO DE CONTROL
campo de control 196226
003 - IDENTIFICADOR DE NÚMERO DE CONTROL
campo de control ES-MaACL
005 - FECHA Y HORA DE LA ÚLTIMA TRANSACCIÓN
campo de control 20250927105326.0
007 - CAMPO FIJO DE DESCRIPCIÓN FÍSICA--INFORMACIÓN GENERAL
campo de control de longitud fija ta
008 - DATOS DE LONGITUD FIJA--INFORMACIÓN GENERAL
campo de control de longitud fija 240820s1992||||fr gr 00| m|fre d
015 ## - NÚMERO DE BIBLIOGRAFÍA NACIONAL
Número de bibliografía nacional FR09317817
017 ## - NÚMERO DE COPYRIGHT O DE DEPÓSITO LEGAL
Número de copyright o de depósito legal DL 93-03261
Agencia que asigna FR
020 ## - NÚMERO INTERNACIONAL ESTÁNDAR DEL LIBRO
Número Internacional Estándar del Libro 2908024306
Condiciones de disponibilidad 64 F
024 3# - IDENTIFICADOR DE OTROS ESTÁNDARES
Número estándar o código 9782908024302
035 ## - NÚMERO DE CONTROL DEL SISTEMA
Número de control de sistema (OCoLC)406962059
035 ## - NÚMERO DE CONTROL DEL SISTEMA
Número de control de sistema ocm28969162
035 ## - NÚMERO DE CONTROL DEL SISTEMA
Número de control de sistema sib0408075
035 ## - NÚMERO DE CONTROL DEL SISTEMA
Número de control de sistema frBN015027722
035 ## - NÚMERO DE CONTROL DEL SISTEMA
Número de control de sistema FRBNF355595870000004
Número de control cancelado/no válido FRBNF35559587
035 ## - NÚMERO DE CONTROL DEL SISTEMA
Número de control de sistema 00282079X
037 ## - FUENTE DE ADQUISICIÓN
Número de adquisición 9782908024302
040 ## - FUENTE DE CATALOGACIÓN
Centro catalogador/agencia de origen ABES
Lengua de catalogación fre
Normas de descripción AFNOR
Centro/agencia transcriptor ES-MaACL
041 0# - CÓDIGO DE IDIOMA
Fuente del código 639-2
080 ## - NÚMERO DE LA CLASIFICACIÓN DECIMAL UNIVERSAL
Número de la Clasificación Decimal Universal 92
Identificador de la edición Éd. 1967
082 0# - NÚMERO DE LA CLASIFICACIÓN DECIMAL DEWEY
Número de clasificación 920
084 ## - OTRO NÚMERO DE CLASIFICACIÓN
Número de clasificación 848.5.
Fuente del número Dewey
999 ## - NÚMEROS DE CONTROL DE SISTEMA (KOHA)
Koha Subclase de Dewey [OBSOLETO] 870852107a
999 ## - NÚMEROS DE CONTROL DE SISTEMA (KOHA)
Koha Subclase de Dewey [OBSOLETO] 930662101m2
999 ## - NÚMEROS DE CONTROL DE SISTEMA (KOHA)
Koha Subclase de Dewey [OBSOLETO] 920502102m
100 1# - ENTRADA PRINCIPAL--NOMBRE DE PERSONA
Número de control del registro de autoridad o número normalizado (IdRef)02717686X
URI de un objeto del mundo real http://www.idref.fr/02717686X/id
Nombre de persona Vandeul, Marie-Angélique de,
Fechas asociadas al nombre 1753-1824
9 (RLIN) 238530
245 10 - MENCIÓN DEL TÍTULO
Título Diderot, mon père /
Mención de responsabilidad, etc. Madame de Vandeul ; [préf. par Pierre Hartmann].
260 ## - PUBLICACIÓN, DISTRIBUCIÓN, ETC.
Lugar de publicación, distribución, etc. Strasbourg :
Nombre del editor, distribuidor, etc. Circé,
Fecha de publicación, distribución, etc. 1992
300 ## - DESCRIPCIÓN FÍSICA
Extensión 62 p. ;
Dimensiones 20 cm.
336 ## - TIPO DE CONTENIDO
Código de tipo de contenido txt
Fuente rdacontent
Término de tipo de contenido texto
337 ## - TIPO DE MEDIO
Código del tipo de medio n
Fuente rdamedia
Nombre/término del tipo de medio sin mediación
337 ## - TIPO DE MEDIO
Código del tipo de medio n
Fuente isbdmedia
Nombre/término del tipo de medio sin mediación
338 ## - TIPO DE SOPORTE
Fuente rdacarrier
Nombre/término del tipo de soporte volumen
600 14 - PUNTO DE ACCESO ADICIONAL DE MATERIA--NOMBRE DE PERSONA
Nombre de persona Diderot, Denis,
Fechas asociadas al nombre 1713-1784
9 (RLIN) 44511
700 ## - ENTRADA AGREGADA--NOMBRE PERSONAL
Número de control del registro de autoridad o número normalizado (IdRef)056924526
URI de un objeto del mundo real http://www.idref.fr/056924526/id
Nombre de persona Hartmann, Pierre,
Fechas asociadas al nombre 1953-
9 (RLIN) 238531
852 ## - LOCALIZACIÓN
Ubicación ES-MaACL
Ubicación en estantería Depósito 1
Número de control de estantería A-15346
Donativo/Legado Donación: José Manuel Duarte Cendán
itemnumber 203975
886 2# - INFORMACIÓN DE CAMPO MARC FORÁNEO
2 unimarc
a 181
-- i#
b xxxe##
903 ## - NOMBRE PERSONAL DE DONANTE
a Duarte Cendán, José Manuel
q 1
e Donante
9 238529
942 ## - ELEMENTOS DE ENTRADA SECUNDARIOS (KOHA)
Suprimir en OPAC No
Tipo de ítem Koha Libro impreso
Holdings
Estatus retirado Estado de pérdida Fuente del sistema de clasificación o colocación Estado de daño No para préstamo Biblioteca de origen Biblioteca actual Ubicación en estantería Fecha de adquisición Fuente de adquisición Total de préstamos Signatura topográfica completa Código de barras Visto por última vez Precio de reemplazo Tipo de ítem Koha
    Clasificación decimal universal     Biblioteca del Ateneo de Madrid Biblioteca del Ateneo de Madrid Depósito 1 02/08/2024 Donación   A-15346 101228784 20/08/2024 20/08/2024 Libro impreso